| 000 | 00368nam a2200157Ia 4500 | ||
|---|---|---|---|
| 008 | 210210b1952 xxu||||| |||| 00| 0 eng d | ||
| 041 | _aeng | ||
| 082 | _a940/7 | ||
| 100 | _aALLEN (F L) | ||
| 245 | _aBig change | ||
| 260 |
_aNew York _bHarper & Brothers Publishers., _c1952 |
||
| 650 | _achange | ||
| 650 | _aBig | ||
| 690 | _aEuropean History | ||
| 906 | _a025077 | ||
| 999 |
_c150917 _d150917 |
||